Fracture du coeur et parfum sexy (Notice n° 18781)

Détails MARC
000 -LEADER
fixed length control field 00662nam a2200217 i 4500
001 - CONTROL NUMBER
control field 0008123172
003 - CONTROL NUMBER IDENTIFIER
control field OSt
005 - DATE AND TIME OF LATEST TRANSACTION
control field 20260310202444.0
008 - FIXED-LENGTH DATA ELEMENTS--GENERAL INFORMATION
fixed length control field 260303 2026 quc fre
020 ## - INTERNATIONAL STANDARD BOOK NUMBER
International Standard Book Number 9782898820014
040 ## - CATALOGING SOURCE
Original cataloging agency QMBND
Language of cataloging fre
Description conventions rda
Transcribing agency QMBND
082 ## - DEWEY DECIMAL CLASSIFICATION NUMBER
Classification number RJ L328sma (ADO)
100 1# - MAIN ENTRY--PERSONAL NAME
Personal name Larochelle, Alexandra
245 00 - TITLE STATEMENT
Title Fracture du coeur et parfum sexy
264 #1 - PRODUCTION, PUBLICATION, DISTRIBUTION, MANUFACTURE, AND COPYRIGHT NOTICE
Name of producer, publisher, distributor, manufacturer ďitions Michel Quintin,
Date of production, publication, distribution, manufacture, or copyright notice 2026
336 ## - CONTENT TYPE
Content type term texte
Content type code txt
Source rdacontent
337 ## - MEDIA TYPE
Media type term sans mďiation
Media type code n
Source rdamedia
338 ## - CARRIER TYPE
Carrier type term volume
Carrier type code nc
Source rdacarrier
942 ## - ADDED ENTRY ELEMENTS (KOHA)
Source of classification or shelving scheme Dewey Decimal Classification
Koha item type Roman jeunesse
Exemplaires
Withdrawn status Lost status Source of classification or shelving scheme Damaged status Not for loan Home library Current library Date acquired Total Checkouts Full call number Barcode Date last seen Price effective from Koha item type Public note
    Dewey Decimal Classification     Bibliothèque municipale d'Henryville Bibliothèque municipale d'Henryville 2026-03-10   RJ L328sma (ADO) 30001030052486 2026-03-10 2026-03-10 Roman jeunesse smash